Minecraft: weapons and tools - Statistics

General Stats
  • This quiz has been taken 83 times
  • The average score is 8 of 10
Answer Stats
Hint Answer % Correct
Main Sword
100%
Main Axe
97%
Range Bow
96%
Range Crossbow
94%
Lunging weapon Spear
91%
Explosive weapon TNT
91%
Falling weapon Mace
82%
Weapon that pulls Fishing rod
72%
Traversal Trident
71%
Range (various ones) Potion
28%
No matching quizzes found
Score Distribution
Percent of People with Each Score
Percentile by Number Answered
Your Score History
You have not taken this quiz